| 000 | 017820000a22003370004500 | ||
|---|---|---|---|
| 001 | 19800 | ||
| 003 | CO-MdFUSB | ||
| 005 | 20190202100403.0 | ||
| 008 | 160802t2009 mx ||||f |||| 00| 0 spa d | ||
| 020 | _a968-12-1133-2 | ||
| 040 |
_aCO-MdFUSB _bEspañol _cCO-MdFUSB _dCO-MdFUSB |
||
| 041 | _aspa | ||
| 082 |
_224 _aG 303.484 _bD814m |
||
| 245 | 1 | 0 |
_aModernidades coloniales _b : Otros pasados, historias presentes _c/ Saurabh Dube, Ishita Banerjee Dube & Walter D. Mignolo , coordinadores |
| 264 |
_aMéxico _b : El colegio de México, _c2009 |
||
| 300 |
_a306 páginas _g21 cm |
||
| 336 |
_2rdacontent _a1 _ba1 |
||
| 337 |
_2rdamedia _a2 _b5 |
||
| 338 |
_2rdacarrier _a2 _b5 |
||
| 490 | _aCentro de Estudios de Asia y África | ||
| 501 | _arústico | ||
| 505 | 0 | 0 | _aCuestiones acerca de las modernidades coloniales -- Lectura de un silencio: el "indio" en la era del zapatismo -- Entre la antropología y la historia: Manuel Gamio y la modernidad antropológico mexicana (1916-1935) -- Espacios encantados y lugares modernos -- Geografías posmodernas -- Orientalismo, antiorientalismo, relativismo -- Dominación imprecisa: el Estado colonial y sus contradicciones -- Henry S. Maine: historia y antigüedad en el derecho -- Sistema-mundo y "transmodernidad" -- Capitalismo y geopolítica del conocimiento -- Eurocentrismo, saberes modernos y naturalización -- Ciencias sociales, violencia epistémica y el problema. |
| 650 | 7 |
_9189 _aCambio social _xHistoria _yCivilización Occidental |
|
| 650 | 7 |
_9260 _aHistoria social _ySiglo XX |
|
| 650 | 7 |
_aPostmodernismo _2 _9261 |
|
| 651 | 7 | _aOriente y Occidente | |
| 700 |
_9263 _aDube, Saurabh _ecoordinador |
||
| 700 |
_9264 _aDube, Ishita Banerjee _ecoordinador |
||
| 700 |
_9265 _aMignolo, Walter D. _ecoordinador |
||
| 942 | _cBK | ||
| 999 |
_c46161 _d46161 |
||